00405 2200157 4500001002100000008004100021035002000062245003800082260003500120300002400155020001800179084001700197082001100214650001000225990001200235INLIS000000000003001 ind  a0010-1024000149 aRiver Flows in YoucYarica Eryana aYogyakartabSinar Kejorac2017 a232c13,5 x 19,5 cm a9786027440814 a808.83 YAR r a808.83 afiksi aDI.3630